LIBRARY ONLINE CATALOGUE

Towards Whole person healthcare for female sex workers in Bomet county, Kenya (Record no. 18839)

MARC details
000 -LEADER
fixed length control field 00449nam a22001217a 4500
008 - FIXED-LENGTH DATA ELEMENTS--GENERAL INFORMATION
fixed length control field 210223b xxu||||| |||| 00| 0 eng d
050 ## - LIBRARY OF CONGRESS CALL NUMBER
Classification number GMMF1359
Item number .M87 2020 c.1
100 ## - MAIN ENTRY--PERSONAL NAME
Personal name Murage, Joy Wambui
245 ## - TITLE STATEMENT
Title Towards Whole person healthcare for female sex workers in Bomet county, Kenya
Remainder of title identify the unmet health needs
Statement of responsibility, etc. Joy Wambui Murage
260 ## - PUBLICATION, DISTRIBUTION, ETC. (IMPRINT)
Place of publication, distribution, etc. Kabarak, Nakuru, Kenya
Name of publisher, distributor, etc. Kabarak University
Date of publication, distribution, etc. 2020
300 ## - PHYSICAL DESCRIPTION
Extent 151 leaves
942 ## - ADDED ENTRY ELEMENTS (KOHA)
Source of classification or shelving scheme Library of Congress Classification
Koha item type Thesis, Dissertation and Projecs
Holdings
Withdrawn status Lost status Source of classification or shelving scheme Not for loan Home library Current library Date acquired Total Checkouts Full call number Barcode Date last seen Price effective from Koha item type
    Library of Congress Classification   Kabarak, Main Campus Kabarak, Main Campus 23/02/2021   GMMF1359 .M87 2020 c.1 030575 23/02/2021 23/02/2021 Thesis, Dissertation and Projecs